C++ programming for windows

Bibliographic Details
Main Author: Porter, Anthony
Format: Book
Published: Berkeley : Osborne McGraw-Hill , 1993
Subjects:

MARC

LEADER 00000cam a2200000 7i4500
001 0000003037
002 000003289
005 20000330.0
020 |a 0078818818 
090 0 0 |a 005.262   |b POR 
100 1 |a Porter, Anthony 
245 1 0 |a C++ programming for windows   |c Anthony Porter 
260 |a Berkeley :   |b Osborne McGraw-Hill ,   |c 1993 
300 |a 530p. ;   |c 23cm. 
650 0 0 |a C++ (Computer program language) 
650 0 0 |a C++ programming for window 
999 |a 035813   |b BUKU   |c PINJAMAN   |e PERPUSTAKAAN KOMUNITI PETALING JAYA 
999 |a 035814   |b BUKU   |c PINJAMAN   |e PERPUSTAKAAN KOMUNITI PETALING JAYA